BIBLIOTECA

SENCICO

Aplicación del diseño interior en espacios comerciales : (Registro nro. 4972)

Detalles MARC
000 -LEADER
fixed length control field 01559nam a22003137a 4500
003 - CONTROL NUMBER IDENTIFIER
control field PE SENCICO BE
005 - DATE AND TIME OF LATEST TRANSACTION
control field 20251020182707.0
008 - FIXED-LENGTH DATA ELEMENTS--GENERAL INFORMATION
fixed length control field 240228b |||||||| |||| 00| 0 eng d
040 ## - CATALOGING SOURCE
Original cataloging agency PE SENCICO BE
Transcribing agency PE SENCICO BE
041 ## - LANGUAGE CODE
Language code of text/sound track or separate title spa
084 ## - OTHER CLASSIFICATION NUMBER
Classification number I
-- DIS
-- 2012
Item number G91
100 1# - MAIN ENTRY--PERSONAL NAME
9 (RLIN) 1994
Personal name Gulden Rodríguez, Hollie
Relator term autor
245 1# - TITLE STATEMENT
Title Aplicación del diseño interior en espacios comerciales :
Remainder of title zapatería Ciara, Gy G Joyeros, zapatería Viviane Fiedler /
Statement of responsibility, etc. Hollie Gulden Rodríguez
246 ## - VARYING FORM OF TITLE
Title proper/short title Aplicación del diseño interior en espacios comerciales : los Bachiche restaurante
260 ## - PUBLICATION, DISTRIBUTION, ETC.
Place of publication, distribution, etc. Lima :
Date of publication, distribution, etc. 2012
300 ## - PHYSICAL DESCRIPTION
Extent 2 v. :
Other physical details planos,
Dimensions 30 x 40 cm.
500 ## - GENERAL NOTE
General note Los dos volúmenes contienen planos:30 x 40 cm. y 40 x 56 cm.
502 ## - DISSERTATION NOTE
Dissertation note Monografía de Titulación.-- Servicio Nacional de Capacitación para la Industria de la Construcción. Escuela Superior Técnica. Carrera Profesional Técnica en Diseño de Interiores, 2012
505 0# - FORMATTED CONTENTS NOTE
Formatted contents note v. 1. Aplicación del diseño interior en espacios comerciales : zapatería Ciara, Gy G Joyeros, zapatería Viviane Fiedler -- v. 2. Aplicación del diseño interior en espacios comerciales : los Bachiche restaurante
650 10 - SUBJECT ADDED ENTRY--TOPICAL TERM
9 (RLIN) 44
Topical term or geographic name entry element Diseño de interiores
650 20 - SUBJECT ADDED ENTRY--TOPICAL TERM
9 (RLIN) 1995
Topical term or geographic name entry element Espacios comerciales
650 20 - SUBJECT ADDED ENTRY--TOPICAL TERM
9 (RLIN) 884
Topical term or geographic name entry element Zapaterías
650 20 - SUBJECT ADDED ENTRY--TOPICAL TERM
9 (RLIN) 1903
Topical term or geographic name entry element Joyería
650 20 - SUBJECT ADDED ENTRY--TOPICAL TERM
9 (RLIN) 66
Topical term or geographic name entry element Restaurantes
650 20 - SUBJECT ADDED ENTRY--TOPICAL TERM
9 (RLIN) 615
Topical term or geographic name entry element Planos
710 1# - ADDED ENTRY--CORPORATE NAME
Corporate name or jurisdiction name as entry element Servicio Nacional de Capacitación para la Industria de la Construcción.
Subordinate unit Escuela Superior Técnica
9 (RLIN) 1065
910 ## - USER-OPTION DATA (OCLC)
-- hfp
-- hfp
942 ## - ADDED ENTRY ELEMENTS (KOHA)
Koha item type Monografía de Titulación
Source of classification or shelving scheme Dewey Decimal Classification
Existencias
Fecha de la última vez que lo usaron Número de ingreso o de inventario Pago total Signatura topográfica completa Código de barras Precio efectivo desde Tipo de documento Estado perdido Estado dañado No es para préstamo Retirado Ubicación permanente Ubicación actual Fecha de adquisición
28/02/2024 I-00502   I/DIS/2012/G91/v. 1 BibLima24020516 28/02/2024 Monografía de Titulación         Biblioteca Central Lima Biblioteca Central Lima 28/02/2024
04/03/2024 I-00530   I/DIS/2012/G91/v. 2 BibLima24030010 04/03/2024 Monografía de Titulación         Biblioteca Central Lima Biblioteca Central Lima 04/03/2024